Match the Metal Song to the Band (Easy Edition) - Statistics

General Stats
  • This quiz has been taken 48 times
  • The average score is 17 of 30
Answer Stats
Hint Answer % Correct
System of a Down Chop Suey!
87%
Rammstein Du hast
87%
Metallica Enter Sandman
87%
Rage Against the Machine Killing in the Name
84%
Ozzy Osbourne Crazy Train
82%
Black Sabbath Iron Man
82%
Disturbed Down with the Sickness
74%
Slayer Raining Blood
74%
Pantera Walk
74%
Limp Bizkit Break Stuff
71%
Korn Freak on a Leash
71%
Deftones Be Quiet and Drive
66%
Avenged Sevenfold Hail to the King
66%
Marilyn Manson The Beautiful People
63%
Slipknot Duality
61%
Iron Maiden Hallowed Be Thy Name
61%
Megadeth Peace Sells
58%
Rob Zombie Dragula
55%
Venom Black Metal
50%
Danzig Mother
47%
Judas Priest You've Got Another Thing Coming
47%
Mastodon Blood and Thunder
45%
Gojira Stranded
45%
Falling In Reverse Popular Monster
37%
Anthrax Bring the Noise
34%
Fear Factory Linchpin
34%
Sleep Token Take Me Back to Eden
34%
Spiritbox Circle With Me
26%
Static-X Push It
26%
Iced Earth Melancholy (Holy Martyr)
21%
No matching quizzes found
Score Distribution
Percent of People with Each Score
Percentile by Number Answered
Your Score History
You have not taken this quiz